00927cam a22002651 4500001001300000003000400013005001700017008004100034010001700075035001900092040004400111042001200155050002300167100003700190245007100227260002900298300005600327490007000383500004900453500004200502650002000544650002300564740005700587999001700644gs 27000043 DLC20260227111331.0791013s1925 tnuab s000 0 eng c ags 27000043  a(OCoLC)5522403 aU.S. Geol. Survey Library.cViHarTdDLC apremarc00aQE165b.A2 no.33-C1 aNelson, Wilbur Armistead,d1889-14aThe coals and geology of the Herbert domain,cby Wilbur A. Nelson. aNashville, Tenn.,c1925. avi, 54 p.bIV pl. (incl. fold. map) tables.c23 cm.0 aTennessee. Dept. of Education. Division of Geology. Bulletin 33-C aBound together with Bulletins 33-A and 33-D. aMap folded in pocket in inside cover. 0aCoalzTennessee 0aGeologyzTennessee0 aHerbert domain [Tennessee] Coals and geology of the. c26534d26534